Statistics for World Leaders During the Second World War, Part II

Click here to take the quiz!

General Stats

  • This quiz has been taken 54 times
  • The average score is 7 of 15

Answer Stats

HintAnswer% Correct
President of the USAFranklin Delano Roosevelt
96%
Soviet UnionJoseph Stalin
96%
Fascist ItalyBenito Mussolini
92%
Free FranceCharles De Gaulle
80%
Communist ChinaMao Zedong
71%
Prime Minister of JapanHideki Tojo
53%
King of BelgiumLeopold III
41%
Prime Minister of NorwayVidkun Quisling
29%
Queen of the NetherlandsWilhelmina
27%
King of NorwayHaakon VII
18%
Prime Minister of South AfricaJan Smuts
18%
King of GreeceGeorge II
16%
President of FinlandRisto Ryti
12%
President of MexicoManuel Avila Camacho
2%
Governor of NewfoundlandSir Humphrey Walwyn
2%

Score Distribution

Percentile by Number Answered

Percent of People with Each Score

Your Score History

You have not taken this quiz